000 00552nam a2200205Ia 4500
003 GCL
008 140319s9999 xx 000 0 ara d
040 _aGCL /
_cGCL
082 0 4 _a159
_bع ع
100 1 _aعبدالرحمن عيسوى
245 1 0 _aعلم النفس ومشكلات الفرد /
_cعبدالرحمن عيسوى
300 _a276 ص
490 _a
650 0 4 _aعلم النفس
650 0 4 _aالتحليل النفسى
650 0 4 _aالشخصية
650 0 4 _aالذاكرة
650 0 4 _aالذكاء
942 _2ddc
_cBK
999 _c38760
_d38760